| 000 | 00761cam a2200217 i 4500 | ||
|---|---|---|---|
| 005 | 20151216095944.0 | ||
| 008 | 781115t19781964fr abf d 000 0 spa | ||
| 020 | _a2030205419 : | ||
| 040 |
_aDLC _cDLC _dDLC _dCO-BoIAVH |
||
| 041 | 0 | _aspa | |
| 044 | _afr | ||
| 090 |
_aRE- _b00011 |
||
| 100 | 1 |
_aLarousse, Pierre, _d1817-1875. |
|
| 245 | 1 | 0 |
_aPequeño Larousse ilustrado / _cpor Ramón García-Pelayo y Gross. |
| 260 |
_aParís : _bLarousse, _c1978, c1964. |
||
| 300 |
_a1663 páginas : _bilustraciones (algunas a color), mapas (algunas a color) ; _c21 x 14 cm. |
||
| 650 | 0 | _aEnciclopedias y diccionarios, Español. | |
| 650 | 0 |
_aLengua española _xDiccionarios. |
|
| 700 | 2 | _aGarcía-Pelayo y Gross, Ramón. | |
| 942 |
_2ddc _cLIBRO |
||
| 999 |
_c1750 _d1750 |
||